[Event "1st Autumn"]
[Site "Alushta UKR"]
[Date "2004.08.28"]
[Round "1"]
[White "Neelotpal,D"]
[Black "Kobylkin,E"]
[Result "1-0"]
[WhiteElo "2448"]
[BlackElo "2444"]
[EventDate "2004.08.28"]

1. e4 e6 2. d4 d5 3. Nc3 Nf6 4. e5 Nfd7 5. f4 c5 6. Nf3 Nc6 7. Be3 a6 8.
Qd2 b5 9. a3 Qb6 10. Ne2 a5 11. c3 Ba6 12. dxc5 Bxc5 13. Ned4 b4 14. axb4
axb4 15. Bxa6 Rxa6 16. O-O bxc3 17. bxc3 O-O 18. Rab1 Qa7 19. Qd3 Rc8 20.
Kh1 Nxd4 21. Nxd4 Ra2 22. Bg1 g6 23. Qg3 Bxd4 24. Bxd4 Qa6 25. h3 Nc5 26.
Bxc5 Rxc5 27. Qg5 Qc8 28. Rb3 h5 29. Rf3 Rc2 30. Qg3 Ra5 31. Rf1 Rc5 32.
Rf3 Rc4 33. Kh2 Rc1 34. Qg5 Ra1 35. Qf6 Ra8 36. Rg3 Rc7 37. f5 exf5 38. e6
Raa7 39. exf7+ Rxf7 40. Rxg6+ Rg7 41. Qe5 Kh7 42. Rb8 Rge7 43. Rh6+ 1-0

[Event "1st Autumn"]
[Site "Alushta UKR"]
[Date "2004.08.28"]
[Round "1"]
[White "Kalygin,S"]
[Black "Annageldyev,O"]
[Result "1-0"]
[WhiteElo "2440"]
[BlackElo "2458"]
[EventDate "2004.08.28"]

1. e4 c5 2. c3 d5 3. exd5 Qxd5 4. d4 Nf6 5. Nf3 g6 6. Nbd2 Bg7 7. Bc4 Qh5
8. O-O O-O 9. Nb3 cxd4 10. Nbxd4 e5 11. Nb5 Nc6 12. Ng5 Qxd1 13. Rxd1 Na5
14. Be2 h6 15. Nf3 Nc6 16. Nd6 Rd8 17. Be3 e4 18. Ne1 Bf8 19. Nxc8 Raxc8
20. Rxd8 Rxd8 21. Rd1 Rxd1 22. Bxd1 Nd5 23. Bc1 Kg7 24. Bb3 Nb6 25. Be3 f5
26. f3 exf3 27. Nxf3 Kf6 28. Kf1 g5 29. g3 Bd6 30. Ke2 f4 31. gxf4 Bxf4 32.
Bxf4 gxf4 33. Nd4 Ne5 34. Nb5 Nc8 35. Bd5 Nc6 36. Kf3 Ke5 37. Be4 N8e7 38.
Na3 a5 39. Nc4+ Ke6 40. Kxf4 b5 41. Bxc6 bxc4 42. Bf3 Kd6 43. Ke4 Kc5 44.
h4 Nd5 45. Kf5 Nb6 46. Kg6 Na4 47. Kxh6 Nxb2 48. h5 Kb5 49. Kg7 Ka4 50. h6
Ka3 51. h7 Kxa2 52. h8=Q a4 53. Qb8 1-0

[Event "1st Autumn"]
[Site "Alushta UKR"]
[Date "2004.08.28"]
[Round "1"]
[White "Hasangatin,R"]
[Black "Vokarev,S"]
[Result "1/2-1/2"]
[WhiteElo "2485"]
[BlackElo "2529"]
[EventDate "2004.08.28"]

1. e4 e5 2. Nf3 Nc6 3. Bb5 Nf6 4. d3 d6 5. O-O Bd7 6. Re1 Be7 7. Nbd2 O-O
8. Nf1 a6 9. Ba4 Nd4 10. Bxd7 Nxf3+ 11. Qxf3 1/2-1/2

[Event "1st Autumn"]
[Site "Alushta UKR"]
[Date "2004.08.28"]
[Round "1"]
[White "Malaniuk,V"]
[Black "Alexikov,A"]
[Result "1/2-1/2"]
[WhiteElo "2555"]
[BlackElo "2386"]
[EventDate "2004.08.28"]

1. d4 d5 2. c4 e6 3. Nc3 Nf6 4. Bg5 Be7 5. Nf3 Nbd7 6. e3 O-O 7. Be2 h6 8.
Bh4 b6 9. cxd5 exd5 10. O-O Bb7 11. Rc1 c5 1/2-1/2

[Event "1st Autumn"]
[Site "Alushta UKR"]
[Date "2004.08.28"]
[Round "1"]
[White "Khurtsidze,N"]
[Black "Kuzubov,Y"]
[Result "0-1"]
[WhiteElo "2391"]
[BlackElo "2467"]
[EventDate "2004.08.28"]

1. d4 Nf6 2. Nf3 b6 3. e3 Bb7 4. Bd3 e6 5. O-O Be7 6. b3 O-O 7. Bb2 d5 8.
Nbd2 Nbd7 9. c4 c5 10. Qb1 cxd4 11. exd4 Qc7 12. Qe1 Rfe8 13. Rc1 dxc4 14.
bxc4 Bd6 15. Ne5 Bxe5 16. dxe5 Ng4 17. f4 Nc5 18. Bb1 Rad8 19. Qe2 Rd7 20.
Nf3 Nh6 21. Nd4 a6 22. f5 exf5 23. Nxf5 Nxf5 24. Bxf5 Ne6 25. c5 bxc5 26.
Qc2 h6 27. Rf2 Qc6 28. h3 Red8 29. Rcf1 Qd5 30. Ba3 Nd4 31. Qxc5 Nxf5 32.
Qxd5 Bxd5 33. Rxf5 Bxa2 34. Bd6 a5 35. Ra1 Be6 36. Rf4 Ra8 37. Rfa4 Rda7
38. Bb4 Rb7 39. Rxa5 Rc8 40. Bc5 Rb2 41. Ra8 Rxg2+ 42. Kxg2 Bd5+ 43. Kg3
Bxa8 44. Be3 Bd5 45. Ra3 Rc2 46. Bf2 g5 47. Rd3 Bc6 48. Rd8+ Kh7 49. Rd6 h5
50. Rf6 Bd5 51. h4 Rc3+ 52. Kh2 g4 53. Bg3 Bf3 54. Bf4 Bd5 55. e6 fxe6 56.
Rh6+ Kg8 57. Rxh5 Kf7 58. Be5 Rh3+ 59. Kg1 g3 60. Rh7+ Ke8 61. Rh8+ Kd7 62.
Rh7+ Kc6 63. Kf1 g2+ 64. Kf2 Rf3+ 0-1

[Event "1st Autumn"]
[Site "Alushta UKR"]
[Date "2004.08.28"]
[Round "1"]
[White "Danielian,E"]
[Black "Ovetchkin,R"]
[Result "1-0"]
[WhiteElo "2430"]
[BlackElo "2475"]
[EventDate "2004.08.28"]

1. Nf3 c5 2. c4 Nc6 3. g3 e5 4. Nc3 d6 5. Bg2 g6 6. O-O Bg7 7. Ne1 h5 8. h4
Nh6 9. d3 O-O 10. Nc2 Be6 11. Ne3 f5 12. Ned5 f4 13. Ne4 Bg4 14. gxf4 Qxh4
15. f5 Bxe2 16. Qxe2 Ng4 17. Re1 Nd4 18. Qd2 Rxf5 19. Ne3 Qh2+ 20. Kf1 Raf8
21. Nxf5 Nxf5 22. Qe2 Nh4 23. f3 Nxf3 24. Qxf3 Rxf3+ 25. Bxf3 Nf6 26. Nxf6+
Bxf6 27. Be3 g5 28. Bd5+ Kg7 29. Re2 Qh3+ 30. Ke1 g4 31. Kd2 g3 32. Bxb7 h4
33. Rh1 Qd7 34. Bg2 Qa4 35. Be4 Qxa2 36. Kc1 Qa4 37. Kb1 Qd7 38. Rg2 Qg4
39. Rhg1 Kf7 40. Bf2 Qf4 41. Bxg3 hxg3 42. Rxg3 Qf2 43. R3g2 Qe3 44. Rf1
Ke7 45. Rgf2 d5 46. Rf3 Qd2 47. Bxd5 Bg5 48. Be4 Bf4 49. Rh3 a5 50. Rh7+
Kf8 51. Rfh1 a4 52. Ra7 Bh6 53. Rxa4 Bf4 54. Ra7 Bh2 55. Rh7 Bf4 56. Rc7
Bh2 57. Rxc5 Ke7 58. Rc7+ Kf6 59. Rc6+ Kg5 60. Rg6+ 1-0

[Event "1st Autumn"]
[Site "Alushta UKR"]
[Date "2004.08.28"]
[Round "1"]
[White "Paragua,M"]
[Black "Paramonov,D"]
[Result "1-0"]
[WhiteElo "2529"]
[BlackElo "2362"]
[EventDate "2004.08.28"]

1. e4 c5 2. Nc3 Nc6 3. Bb5 Nd4 4. Bc4 g6 5. Nf3 Bg7 6. Nxd4 cxd4 7. Qf3 Nh6
8. Ne2 O-O 9. d3 Ng4 10. Bb3 d6 11. Qg3 a5 12. a4 Nf6 13. f4 e6 14. O-O Nd7
15. f5 Nc5 16. Ba2 Kh8 17. f6 Bxf6 18. Rxf6 Qxf6 19. Qxd6 Nd7 20. Bh6 Re8
21. Rf1 Qe5 22. Qxd4 Kg8 23. Qf2 f6 24. Nd4 Ra6 25. Bc4 Rd6 26. Nb5 Rc6 27.
Bf4 Qxb2 28. Be3 Qb4 29. e5 Rf8 30. Bh6 Nxe5 31. Bxf8 Qxf8 32. Bb3 Bd7 33.
Qa7 Qd8 34. Qxb7 Kg7 35. Qa7 Qb6+ 36. d4 Qxa7 37. Nxa7 Ra6 38. Nb5 Nf7 39.
c4 Ra8 40. c5 Rb8 41. Rc1 Nd8 42. Bc4 f5 43. Be2 Bc6 44. Na7 Bxa4 45. Bf3
Rb4 46. c6 Nxc6 47. Nxc6 Bxc6 48. Rxc6 Rxd4 49. Rxe6 h5 50. Ra6 a4 51. Bc6
Rd6 52. Ra7+ Kh6 53. Bxa4 h4 54. h3 Rb6 55. Rc7 Rb4 56. Be8 Rb8 57. Bf7 Rb6
58. Kh2 Rf6 59. Bd5 Rd6 60. Bf3 Kg5 61. Rc6 Rd8 62. Re6 Rg8 63. Bc6 Kf4 64.
Re7 Rb8 65. Bd7 Rb7 66. Rg7 Rb6 67. Re7 Rd6 68. Bc8 Rc6 69. Bb7 Rb6 70. Rd7
Kg5 71. Kg1 Kf4 72. Bf3 Ra6 73. Kf1 Re6 74. Rc7 Ra6 75. Kf2 Ra2+ 76. Be2
Rb2 77. Rc4+ Kg5 78. Rc6 Rb3 79. Bc4 Rb7 80. Ke3 Re7+ 81. Kd4 Rg7 82. Ke5
Re7+ 83. Re6 Rb7 84. Bd5 Ra7 85. Bc6 Rh7 86. Be8 Rg7 87. Bc6 Ra7 88. Kd6
Rh7 89. Bd7 Rf7 90. Kc7 Rg7 91. Kd8 Rg8+ 92. Be8 Rg7 93. Re7 1-0

[Event "1st Autumn"]
[Site "Alushta UKR"]
[Date "2004.08.29"]
[Round "2"]
[White "Kobylkin,E"]
[Black "Paramonov,D"]
[Result "1-0"]
[WhiteElo "2444"]
[BlackElo "2362"]
[EventDate "2004.08.28"]

1. d4 d5 2. c4 c6 3. Nf3 Nf6 4. Nc3 e6 5. Bg5 h6 6. Bxf6 Qxf6 7. Qb3 Nd7 8.
e4 dxe4 9. Nxe4 Qf4 10. Bd3 Be7 11. O-O O-O 12. Rfe1 b6 13. Bc2 Bb7 14. Qd3
Rfd8 15. Ng3 Nf8 16. Re5 g6 17. Qe2 Bf6 18. Ne4 Bxe5 19. g3 Qxf3 20. Qxf3
Bxd4 21. Rd1 Be5 22. c5 Rab8 23. b4 Nd7 24. h4 bxc5 25. bxc5 Ba6 26. h5 g5
27. Nd6 Nf6 28. Qxc6 Rb2 29. Nxf7 Rxd1+ 30. Bxd1 Kxf7 31. Qxa6 Bd4 32. Bb3
Bxf2+ 33. Kf1 Nd5 34. Bxd5 exd5 35. Qg6+ 1-0

[Event "1st Autumn"]
[Site "Alushta UKR"]
[Date "2004.08.29"]
[Round "2"]
[White "Ovetchkin,R"]
[Black "Paragua,M"]
[Result "0-1"]
[WhiteElo "2475"]
[BlackElo "2529"]
[EventDate "2004.08.28"]

1. e4 c5 2. Nf3 d6 3. Bb5+ Nd7 4. d4 Ngf6 5. O-O cxd4 6. Qxd4 a6 7. Bxd7+
Bxd7 8. Bg5 h6 9. Bxf6 gxf6 10. c4 e6 11. Nc3 Rc8 12. a4 h5 13. b4 h4 14.
h3 Rh5 15. Rfe1 Be7 16. Re3 Qc7 17. Nd2 Kf8 18. Rb1 Kg8 19. Qd3 Kh8 20. Qe2
Rh7 21. Kh1 Rg8 22. f4 Bf8 23. f5 Bh6 24. Rf3 Bg5 25. Qf2 Rhg7 26. Rd1 Kh7
27. Rd3 Bh6 28. b5 Rxg2 29. Qxg2 Rxg2 30. Kxg2 Bxd2 31. R1xd2 Qxc4 32. fxe6
Bxe6 33. Rf3 axb5 34. axb5 Qc5 35. Rdf2 Qe5 36. Kg1 b6 37. Rg2 f5 38. Nd5
Kh6 39. Rf4 Kh5 40. Rgf2 fxe4 41. Nf6+ Kh6 42. Rxh4+ Kg7 43. Rxe4 Qxb5 44.
Re3 Kf8 45. h4 Qc4 46. Rg3 d5 47. h5 Qh4 48. Rg8+ Ke7 49. Rh8 d4 50. Rg8 b5
51. Rgg2 Bh3 52. Rg8 Kd6 53. Rf3 Qe1+ 54. Kh2 Be6 55. Rgg3 b4 56. Rg1 Qh4+
57. Kg2 b3 58. Rh1 Qg5+ 59. Kf2 Bf5 60. Rxb3 d3 61. Rb6+ Kc5 62. Rhb1 Qf4+
63. Kg2 Be6 64. R1b5+ Kd4 65. Rb4+ Bc4 66. Rb1 d2 67. h6 Qg5+ 68. Kf3 Be6
69. R1b4+ Kd3 70. Rd6+ Bd5+ 71. Rxd5+ Qxd5+ 72. Nxd5 d1=Q+ 73. Kf4 Qh5 74.
Rb5 Qxh6+ 75. Ke5 Qe6+ 76. Kf4 Qd6+ 77. Kf3 Qc6 78. Ra5 Kd4 79. Kf4 Qc1+
80. Kf5 Qe1 0-1

[Event "1st Autumn"]
[Site "Alushta UKR"]
[Date "2004.08.29"]
[Round "2"]
[White "Kuzubov,Y"]
[Black "Danielian,E"]
[Result "1-0"]
[WhiteElo "2467"]
[BlackElo "2430"]
[EventDate "2004.08.28"]

1. d4 d5 2. c4 dxc4 3. Nf3 Nf6 4. e3 e6 5. Bxc4 c5 6. O-O a6 7. dxc5 Qxd1
8. Rxd1 Bxc5 9. Be2 b6 10. b3 Bb7 11. Bb2 Nbd7 12. Nbd2 O-O 13. Rac1 Rfd8
14. Nc4 Kf8 15. a3 Bd5 16. b4 Be7 17. Nd4 Rac8 18. f3 Ne8 19. e4 Ba8 20.
Kf2 g6 21. Ne3 Rxc1 22. Rxc1 Bb7 23. Nc6 Rc8 24. Nxe7 Kxe7 25. Rxc8 Bxc8
26. a4 Nd6 27. Nc4 Nxc4 28. Bxc4 Kd6 29. Ke3 f6 30. f4 e5 31. g3 h6 32. Ba3
Kc7 33. h4 Bb7 34. Bd3 Bc8 35. Bc4 Bb7 36. Bd3 Bc8 37. f5 g5 38. Kf3 h5 39.
Bc4 gxh4 40. gxh4 Nb8 41. b5 axb5 42. axb5 Bd7 43. Be7 Be8 44. Bxf6 Kd6 45.
Bd8 Nd7 46. f6 Bg6 47. Be7+ Kc7 48. f7 1-0

[Event "1st Autumn"]
[Site "Alushta UKR"]
[Date "2004.08.29"]
[Round "2"]
[White "Alexikov,A"]
[Black "Khurtsidze,N"]
[Result "1-0"]
[WhiteElo "2386"]
[BlackElo "2391"]
[EventDate "2004.08.28"]

1. e4 c5 2. Nf3 e6 3. d4 cxd4 4. Nxd4 a6 5. Nc3 d6 6. Bd3 Nf6 7. O-O b5 8.
Qe2 Bb7 9. a4 b4 10. Na2 d5 11. e5 Nfd7 12. Nxe6 fxe6 13. Qh5+ Ke7 14. Bg5+
Nf6 15. exf6+ 1-0

[Event "1st Autumn"]
[Site "Alushta UKR"]
[Date "2004.08.29"]
[Round "2"]
[White "Obukhov,A"]
[Black "Hasangatin,R"]
[Result "1-0"]
[WhiteElo "2475"]
[BlackElo "2485"]
[EventDate "2004.08.28"]

1. Nf3 b5 2. a4 b4 3. e4 e6 4. d4 d5 5. exd5 exd5 6. Ne5 Qf6 7. Nd2 Be7 8.
Ndf3 Nh6 9. Bb5+ c6 10. Bd3 Qe6 11. Be2 Nf5 12. O-O f6 13. Nd3 g5 14. c3 a5
15. Re1 Kd8 16. Nd2 h5 17. Nb3 bxc3 18. Ndc5 Qf7 19. bxc3 Bd6 20. Bd3 Nh4
21. Ba3 Kc7 22. Qe2 g4 23. c4 dxc4 24. Bxc4 Qg6 25. Na6+ 1-0

[Event "1st Autumn"]
[Site "Alushta UKR"]
[Date "2004.08.29"]
[Round "2"]
[White "Annageldyev,O"]
[Black "Tishin,D"]
[Result "1/2-1/2"]
[WhiteElo "2458"]
[BlackElo "2372"]
[EventDate "2004.08.28"]

1. e4 c6 2. d4 d5 3. exd5 cxd5 4. c4 Nf6 5. Nc3 e6 6. Nf3 Bb4 7. cxd5 Nxd5
8. Bd2 Be7 9. Bd3 Nc6 10. O-O Nf6 11. Bg5 h6 12. Be3 O-O 13. a3 Nd5 14. Bc2
f5 15. Qd3 Bf6 16. Rad1 Nce7 17. Rfe1 Bd7 18. Bd2 Rc8 19. Ne5 Bxe5 20. Rxe5
Nc6 21. Re2 Nce7 22. Bb3 Qb6 23. Bxd5 Nxd5 24. Nxd5 exd5 25. Re7 Rf7 26.
Rxf7 Kxf7 27. Bb4 Re8 28. f3 1/2-1/2

[Event "1st Autumn"]
[Site "Alushta UKR"]
[Date "2004.08.29"]
[Round "2"]
[White "Neelotpal,D"]
[Black "Kalygin,S"]
[Result "1/2-1/2"]
[WhiteElo "2448"]
[BlackElo "2440"]
[EventDate "2004.08.28"]

1. e4 e6 2. d4 d5 3. Nc3 Bb4 4. e5 c5 5. Bd2 cxd4 6. Nb5 Bf8 7. Nxd4 Nc6 8.
Ngf3 Bd7 9. Bd3 Nge7 10. O-O Ng6 11. Re1 a6 12. c3 Be7 13. g3 Nxd4 14. Nxd4
O-O 15. Qe2 Re8 16. h4 Nf8 17. h5 f6 18. Bf4 f5 19. b4 Bg5 20. Qd2 Bxf4 21.
Qxf4 Re7 22. c4 dxc4 23. Bxc4 Kh8 24. Red1 Qe8 25. Qh4 Ba4 26. Bb3 Bxb3 27.
Nxb3 1/2-1/2

[Event "1st Autumn"]
[Site "Alushta UKR"]
[Date "2004.08.29"]
[Round "3"]
[White "Kalygin,S"]
[Black "Kobylkin,E"]
[Result "1/2-1/2"]
[WhiteElo "2440"]
[BlackElo "2444"]
[EventDate "2004.08.28"]

1. e4 e6 2. d4 d5 3. Nc3 Nf6 4. Bg5 Bb4 5. e5 h6 6. Bd2 Bxc3 7. Bxc3 Ne4 8.
Bb4 c5 9. Bxc5 Nxc5 10. dxc5 Qa5+ 11. c3 Qxc5 12. Nf3 Bd7 13. Be2 Bb5 14.
Qd4 Qc6 15. Qg4 Bxe2 16. Qxg7 Rf8 17. Nd4 Qb6 18. Nxe2 Qxb2 19. Rd1 Nc6 20.
Qxh6 Nxe5 21. Qg5 f6 22. Qe3 Kf7 23. O-O Qxa2 24. Nd4 Qa6 25. f4 Nc4 26.
Qd3 Rh8 27. Rfe1 Rae8 28. Ra1 Qd6 29. Rxa7 Re7 30. Qg3 Nd2 31. Qe3 Nc4 32.
Qf2 Qb6 33. Ra2 Nd6 34. Qe3 Qc5 35. Rc2 b5 36. Kh1 Ne4 37. Rb1 Ra7 38. h3
Rb7 39. Kh2 Rb6 40. Qd3 Qd6 41. Qe3 Qc5 42. Qd3 Qc7 43. Qe3 Qc4 44. Ra1 Qc7
45. Kg1 Rg8 46. f5 exf5 47. Nxf5 Rg5 48. Nd4 Qg3 49. Nf3 Kg6 50. Qxb6 Qxf3
51. Qd4 Qxh3 52. Ra8 Qg3 53. Rg8+ Kh7 54. Rxg5 Qe1+ 55. Kh2 Qh4+ 1/2-1/2

[Event "1st Autumn"]
[Site "Alushta UKR"]
[Date "2004.08.29"]
[Round "3"]
[White "Tishin,D"]
[Black "Neelotpal,D"]
[Result "1/2-1/2"]
[WhiteElo "2372"]
[BlackElo "2448"]
[EventDate "2004.08.28"]

1. d4 Nf6 2. c4 c5 3. d5 b5 4. Nf3 g6 5. Qc2 Bg7 6. e4 O-O 7. cxb5 a6 8.
Nc3 Bb7 9. Bc4 e6 10. O-O axb5 11. Bxb5 exd5 12. exd5 Nxd5 13. Nxd5 Bxd5
14. Qxc5 Bxf3 15. gxf3 Na6 16. Qd6 Nc7 17. Qxd7 Nxb5 18. Qxb5 Ra5 19. Qc4
Qf6 20. Kg2 1/2-1/2

[Event "1st Autumn"]
[Site "Alushta UKR"]
[Date "2004.08.29"]
[Round "3"]
[White "Hasangatin,R"]
[Black "Annageldyev,O"]
[Result "0-1"]
[WhiteElo "2485"]
[BlackElo "2458"]
[EventDate "2004.08.28"]

1. e4 c5 2. Nf3 Nc6 3. Bb5 e6 4. Bxc6 bxc6 5. d3 Ne7 6. Qe2 Qc7 7. e5 Ng6
8. b3 Be7 9. Bb2 O-O 10. Nbd2 f6 11. Nc4 Nf4 12. Qd2 fxe5 13. Bxe5 Nxg2+
14. Kf1 d6 15. Kxg2 dxe5 16. Nfxe5 Ba6 17. Rae1 Bxc4 18. Nxc4 Rf6 19. Rhf1
Raf8 20. Re4 Bd6 21. Nxd6 Qxd6 22. f3 Rg6+ 23. Kh1 Rf5 24. Qe2 h5 25. Re1
Kf7 26. Qe3 Rgf6 27. Rf1 g5 28. Re1 Rg6 29. d4 a5 30. c4 Rgf6 31. dxc5 Qxc5
32. Qxc5 Rxc5 33. Kg2 Rcf5 34. R4e3 Rf4 35. Rd1 Ke7 36. Red3 R6f5 37. R1d2
Kf6 38. h3 a4 39. Re2 axb3 40. axb3 Re5 41. Ra2 c5 42. Ra6 Kf5 43. Rad6
Re2+ 44. Kf1 Rh2 45. Rc6 Rxh3 46. Rxc5+ Kf6 47. Ke2 Rh2+ 48. Ke3 h4 49. Rc8
Rg2 50. Rd4 Rf5 51. Rf8+ Ke7 52. Rxf5 exf5 53. b4 h3 54. Rd1 h2 55. Rh1 g4
56. b5 g3 57. b6 Rb2 0-1

[Event "1st Autumn"]
[Site "Alushta UKR"]
[Date "2004.08.29"]
[Round "3"]
[White "Khurtsidze,N"]
[Black "Vokarev,S"]
[Result "0-1"]
[WhiteElo "2391"]
[BlackElo "2529"]
[EventDate "2004.08.28"]

1. d4 Nf6 2. Nf3 g6 3. Bg5 Bg7 4. Nbd2 O-O 5. e4 d6 6. c3 c5 7. dxc5 dxc5
8. Be2 Nc6 9. O-O Qc7 10. Qc2 Rd8 11. Rad1 h6 12. Bh4 Nh5 13. Nc4 Rxd1 14.
Rxd1 g5 15. Bg3 Nxg3 16. hxg3 Bd7 17. Ne3 e6 18. a4 Rd8 19. Nc4 Be8 20. Qc1
Na5 21. Nxa5 Qxa5 22. Rxd8 Qxd8 23. Bd1 Bc6 24. Bc2 Qd7 25. Qe3 Bxa4 26. b3
Bb5 27. Qxc5 Qc6 28. Qxc6 Bxc6 29. Nd4 Bd7 30. f4 e5 31. fxe5 Bxe5 32. Kf2
a5 33. Bd3 Kg7 34. Nf5+ Kf6 35. c4 h5 36. Be2 g4 37. Bd3 Bb8 38. Ke3 Be5
39. Kf2 Bc6 40. Ke3 Bb8 41. Bc2 Ke5 42. Ng7 Ba7+ 43. Kd2 Bxe4 44. Bxe4 Kxe4
45. Nxh5 Bd4 46. Nf4 Be3+ 0-1

[Event "1st Autumn"]
[Site "Alushta UKR"]
[Date "2004.08.29"]
[Round "3"]
[White "Danielian,E"]
[Black "Alexikov,A"]
[Result "1/2-1/2"]
[WhiteElo "2430"]
[BlackElo "2386"]
[EventDate "2004.08.28"]

1. d4 d5 2. Nf3 Nf6 3. Bf4 c5 4. e3 Nc6 5. Be2 Bg4 6. O-O e6 7. Nbd2 Be7 8.
h3 Bh5 9. dxc5 Bxc5 10. c4 O-O 11. Rc1 Qe7 12. Ne5 Bxe2 13. Qxe2 Bd6 14.
Ndf3 Nxe5 15. Bxe5 Bxe5 16. Nxe5 1/2-1/2

[Event "1st Autumn"]
[Site "Alushta UKR"]
[Date "2004.08.29"]
[Round "3"]
[White "Paragua,M"]
[Black "Kuzubov,Y"]
[Result "0-1"]
[WhiteElo "2529"]
[BlackElo "2467"]
[EventDate "2004.08.28"]

1. e4 c5 2. d3 Nc6 3. g3 g6 4. Bg2 Bg7 5. f4 e6 6. Nf3 Nge7 7. O-O d6 8. c3
O-O 9. Be3 b6 10. Na3 Ba6 11. Nc2 Qd7 12. Re1 e5 13. f5 d5 14. Nh4 d4 15.
cxd4 exd4 16. Bf4 Ne5 17. Bxe5 Bxe5 18. Qd2 Nc6 19. Nf3 Qd6 20. Rab1 Rac8
21. b3 Bg7 22. a3 Ne5 23. Nxe5 Bxe5 24. a4 h5 25. Bh3 Rc7 26. Rf1 Kg7 27.
Rf3 Qf6 28. Na3 g5 29. Bf1 Rh8 30. Nc4 Bxc4 31. bxc4 g4 32. Rf2 h4 33. Rf4
Qg5 34. Be2 Kf6 35. Bf1 hxg3 36. hxg3 Qh6 37. Bg2 Rcc8 38. Qf2 Rcg8 39. Kf1
Qg5 40. Ke2 Rh2 41. Rh1 Rxh1 42. Bxh1 a6 43. Kf1 b5 44. axb5 axb5 45. cxb5
Ra8 46. Qh2 Ra1+ 47. Kg2 Ra2+ 0-1

[Event "1st Autumn"]
[Site "Alushta UKR"]
[Date "2004.08.29"]
[Round "3"]
[White "Paramonov,D"]
[Black "Ovetchkin,R"]
[Result "0-1"]
[WhiteElo "2362"]
[BlackElo "2475"]
[EventDate "2004.08.28"]

1. e4 c6 2. d4 d5 3. Nc3 dxe4 4. Nxe4 Bf5 5. Nc5 b6 6. Nb3 e6 7. Nf3 Bd6 8.
g3 Ne7 9. Bg2 h6 10. O-O Nd7 11. Qe2 Qc7 12. c4 O-O 13. Be3 Qb7 14. Rac1
Qa6 15. Rfd1 Qxa2 16. Nc5 Nxc5 17. dxc5 Bxc5 18. Bxc5 bxc5 19. Ra1 Qb3 20.
Ra3 Qb7 21. Rda1 Rfd8 22. Qe3 Qxb2 23. Qxc5 Ng6 24. R3a2 Qxa2 25. Rxa2 Rd1+
26. Bf1 Bh3 27. Nd2 Rd8 28. Qa5 R8xd2 29. Ra1 Bxf1 30. Qa4 Rxa1 31. Qxa1
Bxc4 32. Qc1 Ne5 0-1

[Event "1st Autumn"]
[Site "Alushta UKR"]
[Date "2004.08.30"]
[Round "4"]
[White "Kobylkin,E"]
[Black "Ovetchkin,R"]
[Result "0-1"]
[WhiteElo "2444"]
[BlackElo "2475"]
[EventDate "2004.08.28"]

1. d4 Nf6 2. c4 e6 3. g3 c5 4. d5 exd5 5. cxd5 b5 6. Bg2 d6 7. b4 Nbd7 8.
Nf3 Bb7 9. bxc5 dxc5 10. Nh4 Bd6 11. Bb2 O-O 12. O-O Re8 13. Na3 Ba6 14.
Re1 b4 15. Nc2 Nb6 16. Ne3 Rxe3 17. fxe3 Nc4 18. Bxf6 Qxf6 19. Rf1 Qe5 20.
Qa4 Bc8 21. Rac1 Nxe3 22. Qc6 Rb8 23. Nf3 Qe7 24. Ng5 Bd7 25. Qa6 Bb5 0-1

[Event "1st Autumn"]
[Site "Alushta UKR"]
[Date "2004.08.30"]
[Round "4"]
[White "Alexikov,A"]
[Black "Paragua,M"]
[Result "0-1"]
[WhiteElo "2386"]
[BlackElo "2529"]
[EventDate "2004.08.28"]

1. d4 Nf6 2. c4 g6 3. Nc3 Bg7 4. e4 d6 5. Nf3 O-O 6. Be2 e5 7. d5 a5 8. O-O
Na6 9. Be3 Nh5 10. Re1 Nf4 11. Bf1 Nc5 12. Qc2 Bd7 13. b3 c6 14. g3 Nh5 15.
a3 cxd5 16. Nxd5 Rc8 17. b4 Ne6 18. Bb6 Qe8 19. Bxa5 f5 20. Nb6 fxe4 21.
Nxc8 Qxc8 22. Nd2 Nd4 23. Qxe4 Bc6 24. Qd3 Rf3 25. Re3 Nf4 26. Nxf3 Nxf3+
27. Rxf3 Nxd3 28. Rxd3 Qg4 29. b5 Be4 30. Re3 d5 31. cxd5 Bxd5 32. Bc3 Bh6
33. Rd3 Qe4 34. f3 Be3+ 0-1

[Event "1st Autumn"]
[Site "Alushta UKR"]
[Date "2004.08.30"]
[Round "4"]
[White "Vokarev,S"]
[Black "Danielian,E"]
[Result "1-0"]
[WhiteElo "2529"]
[BlackElo "2430"]
[EventDate "2004.08.28"]

1. e4 c6 2. d4 d5 3. Nd2 dxe4 4. Nxe4 Nd7 5. Ng5 Ngf6 6. Bd3 e6 7. N1f3 Bd6
8. Qe2 h6 9. Ne4 Nxe4 10. Qxe4 Nf6 11. Qe2 Qc7 12. Bd2 b6 13. O-O-O Bb7 14.
Kb1 O-O-O 15. c4 Rhe8 16. Bc3 c5 17. dxc5 Bxc5 18. Bc2 Rxd1+ 19. Rxd1 Rd8
20. Rxd8+ Kxd8 21. Ne5 Ke7 22. f4 Qd6 23. a3 Bd4 24. Be1 Nd7 25. Bh4+ g5
26. Be1 Nxe5 27. Bb4 Bc5 28. fxe5 Qd4 29. Bxc5+ Qxc5 30. g3 Qd4 31. Bd3 h5
32. Kc2 Bc6 33. b3 h4 34. gxh4 Qxh4 35. Qd2 Kf8 36. Kc3 Kg7 37. Qe3 Kh6 38.
Qg3 Qf4 39. Qxf4 gxf4 40. Kd4 f3 41. Ke3 Kg5 42. b4 f5 43. c5 bxc5 44. bxc5
Kg4 45. Bc4 f4+ 46. Kf2 Kf5 47. Bb3 Kxe5 48. Bd1 Be4 49. Bxf3 Bf5 50. h4
Kd4 51. c6 e5 52. c7 e4 53. h5 e3+ 54. Ke2 1-0

[Event "1st Autumn"]
[Site "Alushta UKR"]
[Date "2004.08.30"]
[Round "4"]
[White "Obukhov,A"]
[Black "Khurtsidze,N"]
[Result "1/2-1/2"]
[WhiteElo "2475"]
[BlackElo "2391"]
[EventDate "2004.08.28"]

1. Nf3 c5 2. c4 Nc6 3. Nc3 g6 4. e3 Bg7 5. d4 d6 6. d5 Ne5 7. Nd2 f5 8. Be2
e6 9. O-O Nf6 10. dxe6 Bxe6 11. f4 Nc6 12. Bf3 O-O 13. Rb1 Re8 14. b3 d5
15. Bb2 d4 16. exd4 cxd4 17. Nb5 a6 18. Bxc6 bxc6 19. Nxd4 Ng4 20. Nxe6
Rxe6 21. Nf3 Qb6+ 22. Bd4 Bxd4+ 23. Qxd4 c5 24. Qb2 Rae8 25. Rfe1 Qd6 26.
Rxe6 Rxe6 27. h3 Nf6 28. b4 Qxf4 29. b5 Ne4 30. b6 Qe3+ 31. Kh2 Qf4+ 32.
Kg1 1/2-1/2

[Event "1st Autumn"]
[Site "Alushta UKR"]
[Date "2004.08.30"]
[Round "4"]
[White "Kalygin,S"]
[Black "Tishin,D"]
[Result "0-1"]
[WhiteElo "2440"]
[BlackElo "2372"]
[EventDate "2004.08.28"]

1. e4 c6 2. d4 d5 3. e5 Bf5 4. Nf3 e6 5. Be2 Ne7 6. O-O Nd7 7. Nh4 c5 8. c3
Bg6 9. Bg5 Qb6 10. Na3 Nc6 11. Nxg6 hxg6 12. dxc5 Bxc5 13. b4 Be7 14. Bxe7
Kxe7 15. c4 Nxb4 16. Rb1 Qc5 17. Qd2 a5 18. cxd5 Qxd5 19. Qg5+ f6 20. Qxg6
Rag8 21. Rfd1 Qxe5 22. Bb5 Qxh2+ 23. Kf1 Nc5 24. Be8 Rf8 25. Rbc1 Nbd3 26.
Rxc5 Nxc5 27. Nc4 Qh1+ 28. Ke2 Qh7 29. Qxh7 Rxh7 30. Bb5 Rd8 31. Rb1 Rh5
32. a4 Rhd5 33. Nxa5 Nxa4 34. Bxa4 Rxa5 35. Rxb7+ Kf8 36. Bc2 Rad5 37. Rc7
R8d7 38. Rc8+ Rd8 39. Rc7 R5d7 40. Rc6 Ke7 41. g3 Rb8 42. f4 Rbb7 43. f5
exf5 44. Bxf5 Rd5 45. Bc2 g5 46. Kf3 Rb4 47. g4 Rdd4 48. Bf5 Rf4+ 49. Kg3
Rb3+ 50. Kg2 Rxf5 51. gxf5 Rb5 52. Kg3 Rxf5 53. Kg4 Rf4+ 54. Kh5 Kf7 55.
Rc7+ Ke6 0-1

[Event "1st Autumn"]
[Site "Alushta UKR"]
[Date "2004.08.31"]
[Round "5"]
[White "Tishin,D"]
[Black "Kobylkin,E"]
[Result "0-1"]
[WhiteElo "2372"]
[BlackElo "2444"]
[EventDate "2004.08.28"]

1. d4 Nf6 2. c4 g6 3. Nc3 Bg7 4. e4 O-O 5. Nf3 d6 6. Be2 e5 7. O-O exd4 8.
Nxd4 Re8 9. f3 Nc6 10. Be3 Nh5 11. Qd2 Nf4 12. Nxc6 Nxe2+ 13. Nxe2 bxc6 14.
Bd4 Bxd4+ 15. Qxd4 c5 16. Qc3 Be6 17. Nf4 a5 18. Rae1 Qb8 19. Nd3 Qb7 20.
f4 Bd7 21. f5 Rxe4 22. fxg6 hxg6 23. Qf6 Bf5 24. Nf4 Rxe1 25. Rxe1 Qb4 26.
Rd1 Qxc4 27. Nh5 gxh5 28. Qxf5 Qg4 29. Qd5 Re8 30. h3 Qg6 31. Rf1 Re5 32.
Qa8+ Kh7 33. Qxa5 Re2 34. Qa8 Rxb2 35. a4 c4 36. Qd5 f6 37. a5 c3 38. a6 c2
39. a7 Rb1 40. Qc4 Rxf1+ 41. Kxf1 Qf5+ 42. Ke2 Qe5+ 43. Kd2 Qa5+ 44. Kxc2
Kg7 45. Qd4 c5 46. Qxd6 Qxa7 47. Qg3+ Kf8 48. Qf4 Qa2+ 49. Kc1 Qa1+ 50. Kc2
Qe5 51. Qh6+ Ke7 52. Qg7+ Kd6 53. Qf8+ Kd5 54. Qa8+ Kd4 55. Qd8+ Ke4 56.
Qd3+ Kf4 57. Qf3+ Kg5 58. g4 h4 59. Kc1 c4 60. Kc2 Qh2+ 61. Kb1 Qb8+ 62.
Ka1 Qe5+ 63. Ka2 c3 64. Kb3 Qb8+ 65. Kc2 Qb2+ 66. Kd3 Qd2+ 67. Ke4 Qe1+ 68.
Kd4 Qe5+ 69. Kd3 Qg3 0-1